ՀՀ Գիտությունների ազգային ակադեմիայի հիմնարար գիտական գրադարան  =   Fundamental Scientific Library of NAS RA

След. : (Record no. 292110)

MARC details
000 -LEADER
fixed length control field 00820nam a2200229 u 4500
001 - CONTROL NUMBER
control field 000803335
003 - CONTROL NUMBER IDENTIFIER
control field AM-YeHGA
005 - DATE AND TIME OF LATEST TRANSACTION
control field 20250617144328.0
008 - FIXED-LENGTH DATA ELEMENTS--GENERAL INFORMATION
fixed length control field 110413s1973 ru r 000 0 rus d
040 ## - CATALOGING SOURCE
Original cataloging agency AM-YeHGA
041 0# - LANGUAGE CODE
Language code of text/sound track or separate title rus
090 ## - LOCALLY ASSIGNED LC-TYPE CALL NUMBER (OCLC); LOCAL CALL NUMBER (RLIN)
-- 293793
100 1# - MAIN ENTRY--PERSONAL NAME
Personal name Медведев, В.
245 10 - TITLE STATEMENT
Title След. :
Remainder of title На кордоне/ Н. Шорин. Последняя свадьба/В. Мазурин /
Statement of responsibility, etc. В. Медведев, Н. Шорин, В. Мазурин.
260 ## - PUBLICATION, DISTRIBUTION, ETC.
Place of publication, distribution, etc. Ярославль :
Name of publisher, distributor, etc. Верхне-Волжское кн. изд-во,
Date of publication, distribution, etc. 1973.
300 ## - PHYSICAL DESCRIPTION
Extent 118 с.
653 0# - INDEX TERM--UNCONTROLLED
Uncontrolled term Русская художественная проза - 20 в.
700 1# - ADDED ENTRY--PERSONAL NAME
Personal name Шорин, Н.
700 1# - ADDED ENTRY--PERSONAL NAME
Personal name Мазурин, В.
740 02 - ADDED ENTRY--UNCONTROLLED RELATED/ANALYTICAL TITLE
Uncontrolled related/analytical title На кордоне
740 02 - ADDED ENTRY--UNCONTROLLED RELATED/ANALYTICAL TITLE
Uncontrolled related/analytical title Последняя свадьба
Holdings
Withdrawn status Lost status Damaged status Not for loan Collection Home library Current library Date acquired Total checkouts Full call number Barcode Date last seen Price effective from Koha item type Public note
        General Fundamental Scientific Library Fundamental Scientific Library 29/12/2016   PII/301746 FL0189970 29/12/2016 29/12/2016 Գրքեր / Books 30 Days Loan


ՀՀ ԳԱԱ հիմնարար գիտական գրադարան
ՀՀ,Երևան 0019
Մարշալ Բաղրամյան 24/6
հեռախոս:(374-10) 52-47-50
Հետադարձ կապ

All site content, except where otherwise noted, is licensed under a
Creative Commons License